000 00787 a2200241 4500
001 39017
005 20260407155649.0
008 260407a1983 arg spa d
003 AR-UNSa-BCEJYS
040 _aAR-UNSa-BCEJYS
_bspa
_cAR-UNSa-BCEJYS
080 _a347.72
_xSociedades comerciales
245 1 0 _aSociedades comerciales
_pLey 19.550
264 1 _aBuenos Aires :
_bEdiciones Contabilidad Moderna
_c1983
300 _a117 p.
_c22 cm.
505 _a1. Indíce de modificaciones - 2. Guía de aplicación cronológica - 3. Indíce temático-analítico por artículo
041 _aspa
942 _cBK
590 _aniveau_biblio:m niveau_hierar:0
100 1 _aArgentina [Leyes, etc.]
700 1 _aGarcía, Apolinar Edgardo
650 _aLey 19.550
650 _a ley 19 550
999 _c2946
_d2946